[Event "MNT-chT 1st League"]
[Site "Sutomore"]
[Date "2021.08.01"]
[Round "2.4"]
[White "Kalezic, Blazo"]
[Black "Bogosavljevic, Boban"]
[Result "0-1"]
[WhiteElo "2430"]
[BlackElo "2527"]
[PlyCount "124"]
[EventDate "2021.07.31"]
[EventType "team-tourn"]
[EventRounds "9"]
[EventCountry "MNE"]
[SourceTitle "EXT 2022"]
[Source "ChessBase"]
[SourceDate "2021.10.06"]
[SourceVersion "1"]
[SourceVersionDate "2021.10.06"]
[SourceQuality "1"]
[WhiteTeam "Buducnost"]
[BlackTeam "Elektroprivreda"]
[WhiteTeamCountry "MNE"]
[BlackTeamCountry "MNE"]

1. e4 c5 2. Nf3 Nc6 3. Nc3 d6 4. d4 cxd4 5. Nxd4 Nf6 6. Bg5 Qb6 7. Nb3 e6 8. Qd2 a6 9. Bxf6 gxf6 10. 0-0-0 Bd7 11. Kb1 Na5 12. Nd5 exd5 13. Nxa5 dxe4 14. Nc4 Qc5 15. Nxd6+ Bxd6 16. Qxd6 Qxd6 17. Rxd6 Ke7 18. Rd2 Bc6 19. Bc4 Rad8 20. Rhd1 Rxd2 21. Rxd2 f5 22. Kc1 Rg8 23. g3 Rg6 24. Bd5 Rh6 25. Bxc6 bxc6 26. f3 exf3 27. Rf2 Ke6 28. Kd2 f4 29. gxf4 Kf5 30. Ke3 Kg4 31. f5 f6 32. b4 Kxf5 33. Rxf3+ Ke5 34. h3 Rh4 35. c3 f5 36. Kd3 f4 37. a4 Rh6 38. Ke2 Rg6 39. c4 Ke4 40. Kf2 Rd6 41. Ra3 Rd2+ 42. Ke1 Rb2 43. b5 a5 44. bxc6 Rc2 45. Rb3 Rxc4 46. Rb5 Kf3 47. Rxa5 Rc1+ 48. Kd2 Rxc6 49. Rg5 Kf2 50. a5 f3 51. h4 Rd6+ 52. Kc3 Ke3 53. Rg7 Rc6+ 54. Kb4 Rf6 55. Re7+ Kd2 56. Rd7+ Kc2 57. a6 f2 58. a7 f1Q 59. Rc7+ Kb2 60. a8Q Rb6+ 61. Kc5 Qf2+ 62. Kc4 Qf4+ 0-1

[Event "Mediterranean-ch 11th"]
[Site "Petrovac"]
[Date "2021.06.21"]
[Round "4"]
[White "Kalezic, Blazo"]
[Black "Velikic, Adela"]
[Result "0-1"]
[WhiteElo "2451"]
[BlackElo "2286"]
[PlyCount "68"]
[EventDate "2021.06.19"]
[EventType "swiss"]
[EventRounds "9"]
[EventCountry "MNE"]
[SourceTitle "CBM 203 Extra"]
[Source "ChessBase"]
[SourceDate "2021.09.30"]
[SourceVersion "1"]
[SourceVersionDate "2021.09.30"]
[SourceQuality "1"]

1. e4 c6 2. d4 d5 3. f3 e6 4. Nc3 Bb4 5. Qd3 Ne7 6. Nge2 Ng6 7. Be3 Nd7 8. h4 Nxh4 9. 0-0-0 Ng6 10. e5 Nb6 11. b3 Ba3+ 12. Kb1 Qe7 13. f4 a5 14. g4 a4 15. f5 exf5 16. gxf5 axb3 17. cxb3 Nc4 18. fxg6 fxg6 19. Bh3 Nb2 20. Qc2 Nxd1 21. Nxd1 Bxh3 22. Rxh3 0-0 23. Rh1 Qd7 24. Ng3 Rf3 25. Qh2 h5 26. Ka1 Qg4 27. Ne2 Raf8 28. Rg1 Rf1 29. Rxg4 Rxd1+ 30. Nc1 Rff1 31. Rg1 Rxg1 32. Qxg1 Rxg1 33. Bxg1 Bxc1 34. Kb1 Bf4 0-1

[Event "MNT World Cup Qual"]
[Site "Budva"]
[Date "2021.05.13"]
[Round "1.2"]
[White "Draskovic, Luka"]
[Black "Kalezic, Blazo"]
[Result "1/2-1/2"]
[WhiteElo "2464"]
[BlackElo "2456"]
[PlyCount "102"]
[EventDate "2021.05.13"]
[EventType "k.o."]
[EventRounds "2"]
[EventCountry "MNE"]
[SourceTitle "CBM 202 Extra"]
[Source "ChessBase"]
[SourceDate "2021.07.31"]
[SourceVersion "1"]
[SourceVersionDate "2021.07.31"]
[SourceQuality "1"]

1. Nf3 d5 2. g3 Bg4 3. Bg2 Nd7 4. 0-0 Ngf6 5. d3 e5 6. Nbd2 Bc5 7. e4 dxe4 8. dxe4 0-0 9. Qe1 Re8 10. Nb3 Bf8 11. h3 Bh5 12. Nh4 c6 13. Be3 a5 14. a4 Qc7 15. Bd2 b6 16. Bf3 Bxf3 17. Nxf3 c5 18. Bc3 Nb8 19. Nbd2 Nc6 20. b3 Nd4 21. Rc1 Qc6 22. Qe3 Bd6 23. Bb2 Bc7 24. Rfe1 Rad8 25. Kg2 h6 26. Nc4 Rd7 27. Nfd2 Nh7 28. c3 Nf5 29. Qe2 Ne7 30. Nf3 Ng6 31. Rcd1 Red8 32. Rxd7 Rxd7 33. Ncd2 Nf6 34. Qb5 Qe6 35. Qc4 Qc6 36. Qb5 Qa8 37. Qc4 Ne8 38. Nf1 Nd6 39. Qe2 c4 40. bxc4 Qc6 41. Rd1 Qxa4 42. Rd5 Re7 43. Ne3 Re8 44. Qd3 Nb7 45. Qd1 Qc6 46. Ba3 Nf8 47. Ne1 Nh7 48. Nf5 Nf6 49. Be7 Nc5 50. Bxf6 Qxf6 51. Qe2 a4 1/2-1/2